000 00795nam a22002175i 4500
001 168005
003 ES-MaACL
005 20250809024234.0
008 051006s1879 xxk | |||||||| ||eng d
040 _aCAM
_bspa
_cCAM
100 1 _aWoolsey, Theodore Dwight.
_9133965
245 1 0 _aIntroduction to the study of International Law
_b: designed as an aid in teaching and in historical studies /
_cby Theodore D. Woolsey.
250 _a5th ed.
260 _aLondon :
_bSampson Low, Marston, Searle & Rivington,
_c1879.
300 _aXVII, 526 p. ;
_c22 cm.
650 0 7 _aDerecho internacional
_2embne
_911717
710 2 _aSampson Low, Marston, Searle and Rivington.
_9134837
752 _aGran BretaƱa -
_dLondres
852 _aES-MaACL
_jG-11327
_z- Enc. tela
999 _c168005
_d168005